000 00457nam a22001697a 4500
005 20250122140341.0
008 250122b |||||||| |||| 00| 0 eng d
020 _a9780070579590
050 _aHM51
_bSCH
100 _aSchaefer, Richard T.
245 _aTextnotes to accompany;
_bsociology; a brief introduction
250 _a2nd
260 _aNew York
_bMcGraw-Hill
_cc1997
300 _aiii, 15p;
_bill;
700 _aLamm, Robert P.
942 _2lcc
_cBK
_n0
999 _c2804
_d2804